La dématérialisation au service de la performance de l’administration (notice n° 1616049)
[ vue normale ]
| 000 -LEADER | |
|---|---|
| fixed length control field | 00776cam a2200229 4500500 |
| 005 - DATE AND TIME OF LATEST TRANSACTION | |
| control field | 20260111080229.0 |
| 041 ## - LANGUAGE CODE | |
| Language code of text/sound track or separate title | fre |
| 042 ## - AUTHENTICATION CODE | |
| Authentication code | dc |
| 100 10 - MAIN ENTRY--PERSONAL NAME | |
| Personal name | Girault, Yannick |
| Relator term | author |
| 245 00 - TITLE STATEMENT | |
| Title | La dématérialisation au service de la performance de l’administration |
| 260 ## - PUBLICATION, DISTRIBUTION, ETC. | |
| Date of publication, distribution, etc. | 2017.<br/> |
| 500 ## - GENERAL NOTE | |
| General note | 88 |
| 690 ## - LOCAL SUBJECT ADDED ENTRY--TOPICAL TERM (OCLC, RLIN) | |
| Topical term or geographic name as entry element | déclaration en ligne |
| 690 ## - LOCAL SUBJECT ADDED ENTRY--TOPICAL TERM (OCLC, RLIN) | |
| Topical term or geographic name as entry element | dématérialisation |
| 690 ## - LOCAL SUBJECT ADDED ENTRY--TOPICAL TERM (OCLC, RLIN) | |
| Topical term or geographic name as entry element | droit de timbre |
| 690 ## - LOCAL SUBJECT ADDED ENTRY--TOPICAL TERM (OCLC, RLIN) | |
| Topical term or geographic name as entry element | e-administration |
| 690 ## - LOCAL SUBJECT ADDED ENTRY--TOPICAL TERM (OCLC, RLIN) | |
| Topical term or geographic name as entry element | espace numérique sécurisé et unifié (ENSU) |
| 690 ## - LOCAL SUBJECT ADDED ENTRY--TOPICAL TERM (OCLC, RLIN) | |
| Topical term or geographic name as entry element | impôts.gouv.fr |
| 690 ## - LOCAL SUBJECT ADDED ENTRY--TOPICAL TERM (OCLC, RLIN) | |
| Topical term or geographic name as entry element | site |
| 786 0# - DATA SOURCE ENTRY | |
| Note | Gestion & Finances Publiques | 6 | 6 | 2017-06-30 | p. 81-83 | 1969-1009 |
| 856 41 - ELECTRONIC LOCATION AND ACCESS | |
| Uniform Resource Identifier | <a href="https://droit.cairn.info/revue-gestion-et-finances-publiques-2017-6-page-81?lang=fr&redirect-ssocas=7080">https://droit.cairn.info/revue-gestion-et-finances-publiques-2017-6-page-81?lang=fr&redirect-ssocas=7080</a> |
Pas d'exemplaire disponible.




Réseaux sociaux